000 00371nam a2200145Ia 4500
008 240624s9999 xx 000 0 und d
041 _aeng
082 _a004.6 CIS
100 _aCISCO SYSTEMS INC
245 _aCISCO NETWORKING ACADEMY PROGRAM CCNA 3
250 _a(3rd ed.)
260 _c2005
_aDelhi
_bPearson Education
300 _axi, : 997 : cm. ; 24
365 _cRS
999 _c1814
_d1814